Представление документа в формате MARC21

Поле Инд. ПП Название Значение
Тип записи a
Библиографический уровень b
001 Контрольный номер RU/IS/BASE/212498837
005 Дата корректировки 20220715140342.5
008 Кодируемые данные 20060925
040 b Код языка каталог. rus
e Правила каталог. PSBO
041 0_ a Код языка текста rus
084 a Индекс другой классификации/Индекс ББК 60.028.13; 60.524.224.5
100 1_ a Автор Лесная Л. В.
q Полное имя Лесная Людмила Викторовна
100 1_ a Автор Соловьева С. С.
q Полное имя Соловьева Светлана Сергеевна
245 10 a Заглавие Менталитет в информационном поле: проблема взаимодействия в условиях Московского мегаполиса
504 a Библиография Библиогр. ссылки. - Примеч.
520 a Аннотация Основной вопрос, на который отвечает содержание статьи, состоит в следующем: каковы особенности информационного воздействия крупного города (в данном случае, Москвы) на городское население, на установки, предпочтения, привычки, традиции и др., - т. е. на менталитет его жителей. Авторы делают упор на взаимосвязь менталитета жителей столичного мегаполиса и информационных потоков, обрушивающихся на них в последнее время
650 a Основная рубрика социальная философия
a Основная рубрика социология
a Основная рубрика философия
653 a Ключевые слова менталитет
a Ключевые слова ментальность
a Ключевые слова Москва
a Ключевые слова национальное самосознание
a Ключевые слова политика
a Ключевые слова Россия
a Ключевые слова средства массовой информации (СМИ)
773 0_ t Заглавие источника Вестник Московского университета. Серия 18, Социология и политология
d Дата издания источника 2006
g Прочая информация № 3. - С. 63 - 75
w Контрольный № источника RU/IS/BASE/211298150
901 t Тип документа b